000 00509nam a2200193Ia 4500
005 20240823042243.0
008 240823s9999||||xx |||||||||||||| ||und||
020 _a0-87692-208-6
041 _aENGLISH
082 _A005.133 M6
100 _a"Leventhal,Lance A"
245 0 _a"Introduction to Microprocessors:Software,Hardware,Programming"
250 _a1st
260 _c1986
_b"PHI,New Delhi"
500 _aTRANSFERED
650 _aMicroprocesser
_bComputer Science
942 _cBK
999 _c207439
_d207439